01007 a2200169 45000010006000000050017000060080041000230030015000640400040000790800062001192450161001810200018003422640034003603000019003945050398004131000026008115878920260407155843.0260407a1992 arg spa dAR-UNSa-BCEJYS aAR-UNSa-BCEJYSbspacAR-UNSa-BCEJYS a342.98xFunción pública. Estatuto de los funcionarios10aLey de consolidación de deudas del estadopLa constitución mancillada. Ocaso de la seguridad jurídica. Quiebra de la división de poderes del Estado. a950-14-0660-1 1aBuenos Aires :bDepalmac1992 a158 p.c23 cm. a1. Emergencia económica – 2. El proceso de promulgación de las leyes – 3. Las obligaciones del estado alcanzadas por la consolidación – 4. Del pago de las obligaciones consolidadas – 5. Bonos de consolidación – 6. Extinción de las obligaciones consolidadas – 7. Ley de orden público – 8. Cuestiones procesales – 9. L'État, c'est moi– 10. Estimativa axiológica1 aSpisso, Rodolfo Roque